2024 WWE Roster Sudden Death - Statistics

General Stats
  • This quiz has been taken 101 times
  • The average score is 4 of 16
Answers on the Grid
Answers color-coded by a green-red scale on the quiz's grid according to % correct below.
Daniel Bryan
Karl Anderson
Seth Rollins
Xia Li
Lio Rush
Axiom
Anthony Bowens
Cesaro
Austin Theory
Edge
Dolph Ziggler
Bianca Belair
Bobby Lashley
Brock Lesnar
MVP
Cody Rhodes
Penta
Rey Fenix
Rey Mysterio
Natalya
Swerve Strickland
Santos Escobar
Apollo Crews
Samoa Joe
Ashante Adonis
Dante Chen
Josh Briggs
Adam Cole
Cash Wheeler
Jey Uso
Chris Jericho
Keith Lee
 
Answer Stats
Answer % Correct
Seth Rollins
88%
Austin Theory
63%
Bianca Belair
48%
Axiom
45%
Karl Anderson
30%
Cody Rhodes
25%
Rey Mysterio
23%
Xia Li
23%
Bobby Lashley
20%
Jey Uso
18%
Natalya
15%
Santos Escobar
15%
Apollo Crews
13%
Ashante Adonis
8%
Dante Chen
5%
Josh Briggs
5%
No matching quizzes found
Score Distribution
Percent of People with Each Score
Percentile by Number Answered
Your Score History
You have not taken this quiz